| 000 | 00654nam a22002057a 4500 | ||
|---|---|---|---|
| 003 | DO-SdBNP | ||
| 005 | 20171124103900.0 | ||
| 008 | 171124b 1989 ha ||||| |||| 00| 0 spa d | ||
| 040 |
_aBPMSU _bspa _cBPMSU |
||
| 092 |
_axxxx _bxxxx |
||
| 100 | 1 | _aBarthélemy, Gérard | |
| 245 | 1 | 0 |
_aLe pays en dehors : _b essai sur l'Univers rural haïtien, _cGérard Barthélemy. |
| 250 | _a 2. ed | ||
| 260 |
_aPort-au-Prince, Haïti : _bEditions Henri Deschamps : CIDIHCA, _c1989. |
||
| 300 |
_a1189 p. ; _b22 cm. |
||
| 504 | _aBibliography: p. 189. | ||
| 942 |
_2ddc _cBK |
||
| 945 | _aInventario / 2017 LP | ||
| 956 |
_aLOPEREZ _b10 _c20171124 _h0041 _iBPMSU |
||
| 999 |
_c13063 _d13063 |
||